000 01113nam a22003497a 4500
001 BR2022000402
003 BR-BrBNA
005 20230928105640.0
007 ta
008 230509b bl.||||| |||| 00| 0 por d
020 _a978-85-5569-123-2
040 _aBR-BrBNA
_bpor
_cBiblioteca Nacional de Agricultura
041 _a(Por)
072 _aF63; P01; D50
_b7400
090 _ 7400 BR2022000402
110 1 _aCentro de Gestão e Estudos Estratégicos, Brasília, DF (Brasil)
_91515
245 1 _aImportância dos polinizadores na produção de alimentos e na segurança alimentar glogal
260 3 _aBrasília, DF (Brasil):
_c2017.
300 _a124 p.
500 _aBibliography p. 103-115 (152 ref.); Glossary (p. 119-121); 31 illus.
650 _aPOLINIZAÇÃO
650 _aINSETO POLINIZADOR
650 _aFECUNDAÇÃO VEGETAL
650 _aBIODIVERSIDADE
650 _aPRODUÇÃO DE ALIMENTOS
650 _aSEGURANÇA ALIMENTAR
650 _aAGROTÓXICOS
650 _aPRESERVAÇÃO DA NATUREZA
650 _aLEGISLAÇÃO
909 _a202309
_bLucia
_c55
_dLucia Elande
942 _cBK
999 _c86032
_d86032